<?xml version="1.0" encoding="UTF-8"?>
<collection xmlns="http://www.loc.gov/MARC21/slim">
 <record>
  <leader>01034nam0a2200265   4500</leader>
  <controlfield tag="001">in00000004644</controlfield>
  <controlfield tag="005">20230616174152.0</controlfield>
  <datafield tag="010" ind1=" " ind2=" ">
   <subfield code="a">978-7-5742-0157-6</subfield>
   <subfield code="d">CNY88.00(全2册)</subfield>
  </datafield>
  <datafield tag="035" ind1=" " ind2=" ">
   <subfield code="a">012013333</subfield>
  </datafield>
  <datafield tag="100" ind1=" " ind2=" ">
   <subfield code="a">20221021d2022    em y0chiy50      ea</subfield>
  </datafield>
  <datafield tag="101" ind1="0" ind2=" ">
   <subfield code="a">chi</subfield>
  </datafield>
  <datafield tag="102" ind1=" " ind2=" ">
   <subfield code="a">CN</subfield>
   <subfield code="b">120000</subfield>
  </datafield>
  <datafield tag="105" ind1=" " ind2=" ">
   <subfield code="a">y   z   000yy</subfield>
  </datafield>
  <datafield tag="106" ind1=" " ind2=" ">
   <subfield code="a">r</subfield>
  </datafield>
  <datafield tag="200" ind1="1" ind2=" ">
   <subfield code="a">哇，这居然都是假的</subfield>
   <subfield code="9">wa ， zhe ju ran dou shi jia de</subfield>
   <subfield code="h">下</subfield>
   <subfield code="i">健康篇</subfield>
   <subfield code="f">陶明兰，文尧编著</subfield>
  </datafield>
  <datafield tag="210" ind1=" " ind2=" ">
   <subfield code="a">天津</subfield>
   <subfield code="c">天津科学技术出版社</subfield>
   <subfield code="d">2022</subfield>
  </datafield>
  <datafield tag="215" ind1=" " ind2=" ">
   <subfield code="a">266页</subfield>
   <subfield code="d">21cm</subfield>
  </datafield>
  <datafield tag="330" ind1=" " ind2=" ">
   <subfield code="a">本书共五章，内容包括：比病毒还可怕的“科学”；“我很健康”，都是错觉惹的祸；吃出来的健康学问；别再相信所谓妙招；健康百科长知识。</subfield>
  </datafield>
  <datafield tag="606" ind1="0" ind2=" ">
   <subfield code="a">科学知识</subfield>
   <subfield code="j">普及读物</subfield>
  </datafield>
  <datafield tag="606" ind1="0" ind2=" ">
   <subfield code="a">健康</subfield>
   <subfield code="j">普及读物</subfield>
  </datafield>
  <datafield tag="690" ind1=" " ind2=" ">
   <subfield code="a">Z228</subfield>
   <subfield code="v">5</subfield>
  </datafield>
  <datafield tag="690" ind1=" " ind2=" ">
   <subfield code="a">R161-49</subfield>
   <subfield code="v">5</subfield>
  </datafield>
  <datafield tag="701" ind1=" " ind2="0">
   <subfield code="a">陶明兰</subfield>
   <subfield code="9">tao ming lan</subfield>
   <subfield code="4">编著</subfield>
  </datafield>
  <datafield tag="701" ind1=" " ind2="0">
   <subfield code="a">文尧</subfield>
   <subfield code="9">wen yao</subfield>
   <subfield code="4">编著</subfield>
  </datafield>
  <datafield tag="999" ind1="f" ind2="f">
   <subfield code="s">d5697dcf-ab2a-425b-b4ed-92fdc31eaa77</subfield>
   <subfield code="i">7af21d61-4a8e-41d3-9ba2-7b4af4f6bb54</subfield>
  </datafield>
 </record>
</collection>
